[Event "Cadiz op 17th"]
[Site "Cadiz"]
[Date "2010.07.05"]
[Round "1.6"]
[White "Jimenez Guerra, Claudia"]
[Black "Razola Garcia, Joaquin"]
[Result "0-1"]
[WhiteElo "1583"]
[BlackElo "2117"]
[PlyCount "60"]
[EventDate "2010.07.05"]
[EventType "swiss"]
[EventRounds "7"]
[EventCountry "ESP"]
[SourceTitle "EXT 2024"]
[Source "ChessBase"]
[SourceDate "2023.10.10"]
[SourceVersion "1"]
[SourceVersionDate "2023.10.10"]
[SourceQuality "1"]

1. e4 e5 2. Nf3 Nf6 3. Nc3 Nc6 4. d4 exd4 5. Nxd4 Bb4 6. Bg5 d6 7. Nxc6 bxc6 8. e5 Qe7 9. Bd3 Qxe5+ 10. Be3 Bxc3+ 11. bxc3 Qxc3+ 12. Bd2 Qe5+ 13. Qe2 Qxe2+ 14. Bxe2 Bf5 15. Rc1 0-0 16. 0-0 Rab8 17. Bf3 Rb2 18. Bxc6 Rxa2 19. Be3 Bxc2 20. Bxa7 Rxa7 21. Rxc2 Rd8 22. Re1 Kf8 23. Rd2 Ra6 24. Rc2 Rb6 25. Kf1 Nd7 26. Be4 c5 27. Bxh7 g6 28. Re3 Kg7 29. Rh3 Re8 30. Rc1 Nf6 0-1